Leaching of soils with different chemical properties in laboratory columns

Bibliographic Details
Main Author: WOLPERS
Other Authors: Halim
Format: Book
Published: P. Siantar, Indonesia : Marihat Research Station , 1977
Subjects:

MARC

LEADER 00000cam a2200000 7i4500
001 0000003042
005 20040413.0
090 0 0 |a 634.974   |b WOL 1977 
100 1 0 |a WOLPERS   |h K. 
245 1 0 |a Leaching of soils with different chemical properties in laboratory columns   |c K. Wolpers and H. Halim 
260 0 0 |a P. Siantar, Indonesia :   |b Marihat Research Station ,   |c 1977 
300 |a 16 p. ;   |c 28 cm. 
500 0 0 |a Bibliogaphy : p. 15-16 
650 0 0 |a Palm-oil   |z Indonesia 
650 0 0 |a Soil analysia 
650 0 0 |a Soil chemistry 
650 0 0 |a Soils   |x Leaching 
700 0 1 |a Halim   |h H. 
998 |a JPSM 
999 |a 0000003993   |b Monograph   |c Open Shelf   |e Default branch